Business statistics / (Record no. 184822)
[ view plain ]
| 000 -LEADER | |
|---|---|
| fixed length control field | 01135 a2200181 4500 |
| 003 - CONTROL NUMBER IDENTIFIER | |
| control field | NUST |
| 005 - DATE AND TIME OF LATEST TRANSACTION | |
| control field | 20221123170243.0 |
| 020 ## - INTERNATIONAL STANDARD BOOK NUMBER | |
| International Standard Book Number | 8129701332 |
| 040 ## - CATALOGING SOURCE | |
| Transcribing agency | Nust |
| 082 ## - DEWEY DECIMAL CLASSIFICATION NUMBER | |
| Classification number | 519.5,SHA |
| 100 ## - MAIN ENTRY--PERSONAL NAME | |
| Personal name | Sharma J. K |
| 9 (RLIN) | 102409 |
| 245 ## - TITLE STATEMENT | |
| Title | Business statistics / |
| Statement of responsibility, etc. | J.K Sharma |
| 260 ## - PUBLICATION, DISTRIBUTION, ETC. | |
| Place of publication, distribution, etc. | New Delhi |
| Name of publisher, distributor, etc. | Pearson |
| Date of publication, distribution, etc. | 2004 |
| 300 ## - PHYSICAL DESCRIPTION | |
| Extent | xvi 783:p.: |
| 505 ## - FORMATTED CONTENTS NOTE | |
| Formatted contents note | Statistics An Overview (Page-1), Data Classification Tabulation and Presentation (Page-27), Measure of Central Tendency (Page-86), Measures of Dispersion (Page-143), Skewness, Moments and Kurtosis (Page-184), Fundamental of Probability (Page-210), Probability Distributions (Page-251), Sampling and Sampling Distributions (Page-297), Estimation and Confidence Intervals (Page-322), Hypothesis Testing (Page-345), CHI-Square Test (Page-397), Analysis of Variance (Page-431), Correlation Analysis (Page-460), Regression (Page-497), Partial and Multiple Correlation (Page-532), Forecasting and Time Series (Page-557), Index Numbers (Page-618), Statistical Quality Control (Page-682), Statistical Decision Theory (Page-724). |
| 650 ## - SUBJECT ADDED ENTRY--TOPICAL TERM | |
| Topical term or geographic name entry element | Statistics |
| 9 (RLIN) | 69 |
| 942 ## - ADDED ENTRY ELEMENTS (KOHA) | |
| Source of classification or shelving scheme | |
| Koha item type | Book |
| Call number prefix | 519.5,SHA |
| Withdrawn status | Lost status | Source of classification or shelving scheme | Damaged status | Not for loan | Permanent Location | Current Location | Shelving location | Date acquired | Full call number | Barcode | Date last seen | Price effective from | Koha item type | Public note |
|---|---|---|---|---|---|---|---|---|---|---|---|---|---|---|
| Military College of Signals (MCS) | Military College of Signals (MCS) | General Stacks | 12/12/2016 | 519.5,SHA | MCS31091 | 12/08/2016 | 12/12/2016 | Book | Almirah No.14, Shelf No.5 |
